<?xml version="1.0" encoding="UTF-8"?>
<record
    xmlns:xsi="http://www.w3.org/2001/XMLSchema-instance"
    xsi:schemaLocation="http://www.loc.gov/MARC21/slim http://www.loc.gov/standards/marcxml/schema/MARC21slim.xsd"
    xmlns="http://www.loc.gov/MARC21/slim">

  <leader>01312nam2a2200265 i 4500</leader>
  <controlfield tag="001">RU\NLR\BIBL_A\011176808</controlfield>
  <controlfield tag="005">20240729072311.0</controlfield>
  <datafield tag="010" ind1=" " ind2=" ">
    <subfield code="a">9785901415658</subfield>
  </datafield>
  <datafield tag="021" ind1=" " ind2=" ">
    <subfield code="a">RU</subfield>
    <subfield code="b">2016-51662</subfield>
    <subfield code="9">3302</subfield>
  </datafield>
  <datafield tag="035" ind1=" " ind2=" ">
    <subfield code="a">(NLR Aleph) 011176808</subfield>
  </datafield>
  <datafield tag="090" ind1=" " ind2=" ">
    <subfield code="a">11796555</subfield>
    <subfield code="c">11796555</subfield>
  </datafield>
  <datafield tag="100" ind1=" " ind2=" ">
    <subfield code="a">20160715d2016    u  y0rusy50      ca</subfield>
  </datafield>
  <datafield tag="101" ind1="0" ind2=" ">
    <subfield code="a">rus</subfield>
  </datafield>
  <datafield tag="102" ind1=" " ind2=" ">
    <subfield code="a">RU</subfield>
  </datafield>
  <datafield tag="105" ind1=" " ind2=" ">
    <subfield code="a">acb z   000za</subfield>
  </datafield>
  <datafield tag="200" ind1="0" ind2=" ">
    <subfield code="a">&#x422;. 2</subfield>
  </datafield>
  <datafield tag="210" ind1=" " ind2=" ">
    <subfield code="d">2016</subfield>
  </datafield>
  <datafield tag="215" ind1=" " ind2=" ">
    <subfield code="a">450, [5] &#x441;., [4] &#x43B;. &#x438;&#x43B;., &#x446;&#x432;. &#x438;&#x43B;., &#x43F;&#x43E;&#x440;&#x442;&#x440;.</subfield>
    <subfield code="c">&#x43A;&#x430;&#x440;&#x442;.</subfield>
  </datafield>
  <datafield tag="320" ind1=" " ind2=" ">
    <subfield code="a">&#x411;&#x438;&#x431;&#x43B;&#x438;&#x43E;&#x433;&#x440;. &#x432; &#x43F;&#x440;&#x438;&#x43C;&#x435;&#x447;. &#x432; &#x43A;&#x43E;&#x43D;&#x446;&#x435; &#x433;&#x43B;. &#x438; &#x432; &#x43F;&#x43E;&#x434;&#x441;&#x442;&#x440;&#x43E;&#x447;. &#x43F;&#x440;&#x438;&#x43C;&#x435;&#x447;.</subfield>
  </datafield>
  <datafield tag="320" ind1=" " ind2=" ">
    <subfield code="a">&#x414;&#x440;. &#x440;&#x430;&#x431;&#x43E;&#x442;&#x44B; &#x430;&#x432;&#x442;. &#x432; &#x43A;&#x43E;&#x43D;&#x446;&#x435; &#x43A;&#x43D;.</subfield>
  </datafield>
  <datafield tag="461" ind1=" " ind2="0">
    <subfield code="1">001RU\NLR\BIBL_A\011214596</subfield>
    <subfield code="1">2001#$a&#x420;&#x44F;&#x434;&#x43E;&#x43C; &#x441; &#x423;&#x447;&#x438;&#x442;&#x435;&#x43B;&#x435;&#x43C; &#x41F;&#x435;&#x442;&#x440;&#x43E;&#x43C; &#x414;&#x44B;&#x43D;&#x43E;&#x432;&#x44B;&#x43C;$e&#x444;&#x440;&#x430;&#x433;&#x43C;&#x435;&#x43D;&#x442;&#x44B; &#x430;&#x432;&#x442;&#x43E;&#x431;&#x438;&#x43E;&#x433;&#x440;&#x430;&#x444;&#x438;&#x438;$f&#x41E;&#x43C;&#x440;&#x430;&#x430;&#x43C; &#x41C;&#x438;&#x43A;&#x430;&#x44D;&#x43B;&#x44C; &#x410;&#x439;&#x432;&#x430;&#x43D;&#x445;&#x43E;&#x432;$v&#x422;. 2</subfield>
    <subfield code="1">700#1$a&#x410;&#x439;&#x432;&#x430;&#x43D;&#x445;&#x43E;&#x432;$b&#x41E;. &#x41C;.$f1900-1986$g&#x41E;&#x43C;&#x440;&#x430;&#x430;&#x43C; &#x41C;&#x438;&#x43A;&#x430;&#x44D;&#x43B;&#x44C;$3RU\NLR\AUTH\771946</subfield>
    <subfield code="9">11989973</subfield>
    <subfield code="a">&#x410;&#x439;&#x432;&#x430;&#x43D;&#x445;&#x43E;&#x432;, &#x41E;. &#x41C;. (1900-1986)</subfield>
    <subfield code="c">&#x41C;&#x43E;&#x441;&#x43A;&#x432;&#x430;</subfield>
    <subfield code="d">2016</subfield>
    <subfield code="f">&#x41E;&#x43C;&#x440;&#x430;&#x430;&#x43C; &#x41C;&#x438;&#x43A;&#x430;&#x44D;&#x43B;&#x44C; &#x410;&#x439;&#x432;&#x430;&#x43D;&#x445;&#x43E;&#x432;</subfield>
    <subfield code="n">&#x41F;&#x440;&#x43E;&#x441;&#x432;&#x435;&#x442;&#x430;</subfield>
    <subfield code="o">&#x444;&#x440;&#x430;&#x433;&#x43C;&#x435;&#x43D;&#x442;&#x44B; &#x430;&#x432;&#x442;&#x43E;&#x431;&#x438;&#x43E;&#x433;&#x440;&#x430;&#x444;&#x438;&#x438;</subfield>
    <subfield code="t">&#x420;&#x44F;&#x434;&#x43E;&#x43C; &#x441; &#x423;&#x447;&#x438;&#x442;&#x435;&#x43B;&#x435;&#x43C; &#x41F;&#x435;&#x442;&#x440;&#x43E;&#x43C; &#x414;&#x44B;&#x43D;&#x43E;&#x432;&#x44B;&#x43C;</subfield>
    <subfield code="v">&#x422;. 2</subfield>
  </datafield>
  <datafield tag="942" ind1=" " ind2=" ">
    <subfield code="c">BOOK</subfield>
  </datafield>
  <datafield tag="980" ind1=" " ind2=" ">
    <subfield code="a">NBR</subfield>
  </datafield>
</record>
